NBA Starting Small Forwards 2000s - Statistics

General Stats
  • This quiz has been taken 200 times
    179 since last reset
  • The average score is 196 of 294
Answer Stats
TEAM SEASON FIRST NAME LAST NAME % Correct
Cleveland 2003-04 LeBron James
98%
Cleveland 2004-05 LeBron James
98%
Cleveland 2005-06 LeBron James
98%
Cleveland 2006-07 LeBron James
98%
Cleveland 2007-08 LeBron James
98%
Cleveland 2008-09 LeBron James
98%
Cleveland 2009-10 LeBron James
98%
Boston 2000-01 Paul Pierce
98%
Boston 2001-02 Paul Pierce
98%
Boston 2002-03 Paul Pierce
98%
Boston 2003-04 Paul Pierce
98%
Boston 2004-05 Paul Pierce
98%
Boston 2005-06 Paul Pierce
98%
Boston 2006-07 Paul Pierce
98%
Boston 2007-08 Paul Pierce
98%
Boston 2008-09 Paul Pierce
98%
Boston 2009-10 Paul Pierce
98%
Denver 2003-04 Carmelo Anthony
96%
Denver 2004-05 Carmelo Anthony
96%
Denver 2005-06 Carmelo Anthony
96%
Denver 2006-07 Carmelo Anthony
96%
Denver 2007-08 Carmelo Anthony
96%
Denver 2008-09 Carmelo Anthony
96%
Denver 2009-10 Carmelo Anthony
96%
Chicago 2004-05 Luol Deng
95%
Chicago 2005-06 Luol Deng
95%
Chicago 2006-07 Luol Deng
95%
Chicago 2007-08 Luol Deng
95%
Chicago 2008-09 Luol Deng
95%
Chicago 2009-10 Luol Deng
95%
Atlanta 2004-05 Josh Smith
92%
Atlanta 2005-06 Josh Smith
92%
Atlanta 2006-07 Josh Smith
92%
Atlanta 2007-08 Josh Smith
92%
Atlanta 2008-09 Josh Smith
92%
Atlanta 2009-10 Josh Smith
92%
Detroit 2003-04 Tayshaun Prince
91%
Detroit 2004-05 Tayshaun Prince
91%
Detroit 2005-06 Tayshaun Prince
91%
Detroit 2006-07 Tayshaun Prince
91%
Detroit 2007-08 Tayshaun Prince
91%
Detroit 2008-09 Tayshaun Prince
91%
Detroit 2009-10 Tayshaun Prince
91%
Toronto 2000-01 Vince Carter
90%
Toronto 2001-02 Vince Carter
90%
Toronto 2002-03 Vince Carter
90%
Toronto 2003-04 Vince Carter
90%
Dallas 2009-10 Shawn Marion
90%
Miami 2008-09 Shawn Marion
90%
Phoenix 2002-03 Shawn Marion
90%
Phoenix 2003-04 Shawn Marion
90%
Houston 2004-05 Tracy McGrady
87%
Houston 2005-06 Tracy McGrady
87%
Houston 2006-07 Tracy McGrady
87%
Houston 2007-08 Tracy McGrady
87%
Minnesota 2003-04 Latrell Sprewell
87%
Minnesota 2004-05 Latrell Sprewell
87%
New York 2000-01 Latrell Sprewell
87%
New York 2001-02 Latrell Sprewell
87%
New York 2002-03 Latrell Sprewell
87%
New Jersey 2002-03 Richard Jefferson
86%
New Jersey 2003-04 Richard Jefferson
86%
New Jersey 2004-05 Richard Jefferson
86%
New Jersey 2005-06 Richard Jefferson
86%
New Jersey 2006-07 Richard Jefferson
86%
New Jersey 2007-08 Richard Jefferson
86%
San Antonio 2009-10 Richard Jefferson
86%
Miami 2003-04 Eddie Jones
85%
Miami 2004-05 Eddie Jones
85%
LA Clippers 2000-01 Lamar Odom
85%
LA Clippers 2002-03 Lamar Odom
85%
LA Lakers 2005-06 Lamar Odom
85%
LA Lakers 2007-08 Lamar Odom
85%
Portland 2000-01 Scottie Pippen
85%
Portland 2001-02 Scottie Pippen
85%
Portland 2002-03 Scottie Pippen
85%
Atlanta 2002-03 Glenn Robinson
85%
Milwaukee 2000-01 Glenn Robinson
85%
Milwaukee 2001-02 Glenn Robinson
85%
Philadelphia 2003-04 Glenn Robinson
85%
Phoenix 2000-01 Clifford Robinson
85%
Charlotte 2004-05 Gerald Wallace
85%
Charlotte 2005-06 Gerald Wallace
85%
Charlotte 2006-07 Gerald Wallace
85%
Charlotte 2008-09 Gerald Wallace
85%
Charlotte 2009-10 Gerald Wallace
85%
Oklahoma City (Seattle) 2007-08 Kevin Durant
83%
Oklahoma City (Seattle) 2008-09 Kevin Durant
83%
Oklahoma City (Seattle) 2009-10 Kevin Durant
83%
Golden State 2007-08 Stephen Jackson
83%
Golden State 2008-09 Stephen Jackson
83%
Houston 2003-04 Jim Jackson
83%
Indiana 2004-05 Stephen Jackson
83%
Denver 2002-03 Ryan Bowen
81%
Miami 2000-01 Bruce Bowen
81%
San Antonio 2001-02 Bruce Bowen
81%
San Antonio 2002-03 Bruce Bowen
81%
San Antonio 2003-04 Bruce Bowen
81%
San Antonio 2004-05 Bruce Bowen
81%
San Antonio 2005-06 Bruce Bowen
81%
San Antonio 2006-07 Bruce Bowen
81%
San Antonio 2007-08 Bruce Bowen
81%
Orlando 2004-05 Grant Hill
81%
Phoenix 2007-08 Grant Hill
81%
Phoenix 2008-09 Grant Hill
81%
Phoenix 2009-10 Grant Hill
81%
Philadelphia 2004-05 Andre Iguodala
81%
Philadelphia 2005-06 Andre Iguodala
81%
Philadelphia 2006-07 Andre Iguodala
81%
Philadelphia 2007-08 Andre Iguodala
81%
Philadelphia 2008-09 Andre Iguodala
81%
Philadelphia 2009-10 Thaddeus Young
81%
Atlanta 2003-04 Boris Diaw
80%
Phoenix 2005-06 Boris Diaw
80%
Phoenix 2006-07 Boris Diaw
80%
Golden State 2006-07 Monta Ellis
80%
Oklahoma City (Seattle) 2000-01 Rashard Lewis
80%
Oklahoma City (Seattle) 2002-03 Rashard Lewis
80%
Oklahoma City (Seattle) 2003-04 Rashard Lewis
80%
Oklahoma City (Seattle) 2004-05 Rashard Lewis
80%
Oklahoma City (Seattle) 2005-06 Rashard Lewis
80%
Oklahoma City (Seattle) 2006-07 Rashard Lewis
80%
Chicago 2000-01 Ron Artest
79%
Chicago 2001-02 Ron Artest
79%
Houston 2008-09 Ron Artest
79%
Indiana 2002-03 Ron Artest
79%
Indiana 2003-04 Ron Artest
79%
LA Lakers 2009-10 Ron Artest
79%
Sacramento 2006-07 Ron Artest
79%
Sacramento 2007-08 Ron Artest
79%
Portland 2008-09 Nicolas Batum
79%
Portland 2009-10 Nicolas Batum
79%
Golden State 2001-02 Antawn Jamison
79%
Golden State 2002-03 Antawn Jamison
79%
Orlando 2005-06 Hedo Turkoglu
78%
Orlando 2006-07 Hedo Turkoglu
78%
Orlando 2007-08 Hedo Turkoglu
78%
Orlando 2008-09 Hedo Turkoglu
78%
Toronto 2009-10 Hedo Turkoglu
78%
LA Clippers 2009-10 Rasual Butler
77%
LA Lakers 2004-05 Caron Butler
77%
Miami 2002-03 Caron Butler
77%
Sacramento 2009-10 Tyreke Evans
77%
Charlotte 2007-08 Jason Richardson
77%
LA Clippers 2003-04 Quentin Richardson
77%
Miami 2009-10 Quentin Richardson
77%
Phoenix 2004-05 Quentin Richardson
77%
Memphis (Vancouver) 2006-07 Rudy Gay
76%
Memphis (Vancouver) 2007-08 Rudy Gay
76%
Memphis (Vancouver) 2008-09 Rudy Gay
76%
Memphis (Vancouver) 2009-10 Rudy Gay
76%
Chicago 2002-03 Jalen Rose
76%
Indiana 2001-02 Jalen Rose
76%
New York 2005-06 Jalen Rose
76%
Toronto 2004-05 Jalen Rose
76%
Memphis (Vancouver) 2001-02 Shane Battier
74%
Memphis (Vancouver) 2002-03 Shane Battier
74%
Memphis (Vancouver) 2004-05 Shane Battier
74%
Memphis (Vancouver) 2005-06 Shane Battier
74%
LA Lakers 2000-01 Rick Fox
72%
LA Lakers 2001-02 Rick Fox
72%
LA Lakers 2002-03 Rick Fox
72%
Dallas 2000-01 Michael Finley
71%
San Antonio 2008-09 Michael Finley
71%
Minnesota 2008-09 Mike Miller
70%
Orlando 2000-01 Mike Miller
70%
Orlando 2001-02 Mike Miller
70%
Orlando 2002-03 Mike Miller
70%
Washington 2009-10 Mike Miller
70%
LA Lakers 2006-07 Luke Walton
70%
LA Lakers 2008-09 Luke Walton
70%
New York 2008-09 Wilson Chandler
69%
New York 2009-10 Wilson Chandler
69%
Memphis (Vancouver) 2000-01 Shareef Abdur-Rahim
68%
Portland 2004-05 Shareef Abdur-Rahim
68%
Minnesota 2000-01 Wally Szczerbiak
67%
Minnesota 2002-03 Wally Szczerbiak
67%
Minnesota 2005-06 Wally Szczerbiak
67%
New York 2007-08 Jamal Crawford
66%
Utah 2005-06 Andrei Kirilenko
66%
Utah 2006-07 Andrei Kirilenko
66%
Utah 2007-08 Andrei Kirilenko
66%
Houston 2009-10 Trevor Ariza
65%
Minnesota 2007-08 Corey Brewer
63%
Minnesota 2009-10 Corey Brewer
63%
Miami 2007-08 Ricky Davis
63%
Minnesota 2006-07 Ricky Davis
63%
Cleveland 2002-03 Darius Miles
63%
Portland 2003-04 Darius Miles
63%
Utah 2008-09 C.J. Miles
63%
Houston 2001-02 Walt Williams
63%
New Jersey 2000-01 Keith Van Horn
62%
New Jersey 2001-02 Keith Van Horn
62%
New York 2003-04 Keith Van Horn
62%
Philadelphia 2002-03 Keith Van Horn
62%
Dallas 2003-04 Josh Howard
60%
Dallas 2004-05 Josh Howard
60%
Dallas 2005-06 Josh Howard
60%
Dallas 2006-07 Josh Howard
60%
Dallas 2007-08 Josh Howard
60%
Dallas 2008-09 Josh Howard
60%
Orlando 2009-10 Matt Barnes
57%
San Antonio 2000-01 Sean Elliott
57%
Utah 2000-01 Donyell Marshall
57%
Utah 2001-02 Donyell Marshall
57%
Washington 2006-07 DeShawn Stevenson
57%
Washington 2007-08 DeShawn Stevenson
57%
Indiana 2005-06 Predrag Stojakovic
56%
New Orleans 2007-08 Predrag Stojakovic
56%
New Orleans 2008-09 Predrag Stojakovic
56%
New Orleans 2009-10 Predrag Stojakovic
56%
Sacramento 2000-01 Predrag Stojakovic
56%
Sacramento 2001-02 Predrag Stojakovic
56%
Sacramento 2002-03 Predrag Stojakovic
56%
Sacramento 2003-04 Predrag Stojakovic
56%
Sacramento 2004-05 Predrag Stojakovic
56%
Sacramento 2005-06 Bonzi Wells
56%
Houston 2000-01 Shandon Anderson
54%
Utah 2009-10 Wesley Matthews
54%
Golden State 2009-10 Corey Maggette
51%
LA Clippers 2001-02 Corey Maggette
51%
Charlotte 2000-01 Jamal Mashburn
51%
Charlotte 2001-02 Jamal Mashburn
51%
Milwaukee 2002-03 Tim Thomas
50%
Milwaukee 2003-04 Tim Thomas
50%
New York 2004-05 Tim Thomas
50%
Milwaukee 2004-05 Desmond Mason
46%
Milwaukee 2007-08 Desmond Mason
46%
Oklahoma City (Seattle) 2001-02 Desmond Mason
46%
LA Lakers 2003-04 Devean George
45%
Toronto 2007-08 Jamario Moon
44%
Toronto 2008-09 Jamario Moon
44%
Detroit 2000-01 Michael Curry
43%
Detroit 2001-02 Michael Curry
43%
Detroit 2002-03 Michael Curry
43%
Minnesota 2001-02 Kevin Garnett
43%
Indiana 2000-01 Al Harrington
43%
Milwaukee 2006-07 Michael Redd
43%
Chicago 2003-04 Kendall Gill
42%
Miami 2001-02 Kendall Gill
42%
Portland 2006-07 Ime Udoka
42%
New Orleans 2006-07 Devin Brown
41%
Washington 2001-02 Michael Jordan
40%
Washington 2002-03 Michael Jordan
40%
Orlando 2003-04 Keith Bogans
35%
Portland 2007-08 Martell Webster
33%
Dallas 2001-02 Adrian Griffin
32%
Dallas 2002-03 Adrian Griffin
32%
Golden State 2003-04 Mike Dunleavy
31%
Golden State 2004-05 Mike Dunleavy
31%
Golden State 2005-06 Mike Dunleavy
31%
Indiana 2006-07 Mike Dunleavy
31%
Indiana 2007-08 Mike Dunleavy
31%
Cleveland 2000-01 Lamond Murray
31%
Cleveland 2001-02 Lamond Murray
31%
Milwaukee 2008-09 Charlie Villanueva
31%
Milwaukee 2009-10 Carlos Delfino
29%
Golden State 2000-01 Bob Sura
29%
Philadelphia 2001-02 Matt Harpring
26%
Utah 2002-03 Matt Harpring
26%
Utah 2003-04 Matt Harpring
26%
Utah 2004-05 Matt Harpring
26%
Denver 2000-01 James Posey
26%
Denver 2001-02 James Posey
26%
Houston 2002-03 James Posey
26%
Memphis (Vancouver) 2003-04 James Posey
26%
Miami 2005-06 James Posey
26%
Phoenix 2001-02 Tom Gugliotta
25%
Miami 2006-07 Jason Kapono
25%
Atlanta 2001-02 Ira Newble
24%
Washington 2003-04 Jarvis Hayes
23%
New York 2006-07 Jared Jeffries
21%
Washington 2004-05 Jared Jeffries
21%
Washington 2005-06 Jared Jeffries
21%
New Orleans 2004-05 George Lynch
21%
Philadelphia 2000-01 George Lynch
21%
Indiana 2008-09 Marquis Daniels
20%
Washington 2000-01 Felipe Lopez
20%
LA Clippers 2004-05 Bobby Simmons
18%
Milwaukee 2005-06 Bobby Simmons
18%
New Jersey 2008-09 Bobby Simmons
18%
Sacramento 2008-09 John Salmons
17%
New Jersey 2009-10 Chris Douglas-Roberts
14%
LA Clippers 2005-06 Quinton Ross
13%
LA Clippers 2006-07 Quinton Ross
13%
LA Clippers 2007-08 Quinton Ross
13%
Atlanta 2000-01 Roshown McLeod
11%
Indiana 2009-10 Brandon Rush
11%
Toronto 2006-07 Jorge Garbajosa
10%
Toronto 2005-06 Joey Graham
10%
LA Clippers 2008-09 Al Thornton
10%
Portland 2005-06 Viktor Khryapa
9%
Washington 2008-09 Dominic McGuire
5%
New Orleans 2005-06 Kirk Snyder
5%
No matching quizzes found
Score Distribution
Percent of People with Each Score
Percentile by Number Answered
Your Score History
You have not taken this quiz since the last reset